| 000 | 00926nas a2200301 4500 | ||
|---|---|---|---|
| 001 | BR2012009747 | ||
| 003 | BR-BrBNA | ||
| 005 | 20231205121709.0 | ||
| 007 | ta | ||
| 008 | 230509b bl.|||p| |||| 00| 00por d | ||
| 040 |
_aBR-BrBNA _bpor _cBiblioteca Nacional de Agricultura |
||
| 041 | _a(Pt) | ||
| 072 | _aF60 | ||
| 100 | 1 | _aJakiemiu, E.A.R. | |
| 100 | 1 | _aScheer, A. de P. | |
| 100 | 1 | _aOliveira, J.S. de | |
| 100 | 1 | _aCôcco, L.C. | |
| 100 | 1 | _aYamamoto, C.I. | |
| 100 | 1 | _aDeschamps, C. | |
| 245 | 1 | _aEstudo da composição e do rendimento do óleo essencial de tomilho (Thymus vulgaris L.) | |
| 650 | _aÓLEO ESSENCIAL | ||
| 650 | _aRENDIMENTO | ||
| 650 | _aPLANTA MEDICINAL | ||
| 650 | _aCOMPOSIÇÃO QUÍMICA | ||
| 773 | 0 |
_tSemina. Ciências Agrárias (Brazil) _xISSN 1676-546X _g(Jul-Sep 2010), v. 31(3) p. 683-688 _wBR2012009747 |
|
| 909 |
_a202311 _bLúcia _c55 _dLúcia Elande |
||
| 942 |
_2AGRIS _n0 _cANA |
||
| 999 |
_c224783 _d224783 |
||